Statistics for Purely Trivia

Click here to take the quiz!

General Stats

  • This quiz has been taken 8 times
  • The average score is 8 of 15

Answer Stats

HintAnswer% Correct
During a papal election, what color of smoke signifies that they have elected a new pope?White
100%
Which planet rotates clockwise (opposite to the others in the solar system)?Venus
100%
Which European country looks like a boot kicking a football?Italy
100%
On which Hawaiian island is Pearl Harbor?Oahu
100%
With which city-state did Rome fight the Punic wars?Carthage
71%
Which is the largest species of shark?Whale shark
57%
What riding pants are name after a town in India?Jodphurs
43%
A white rhinoceros is not white. It is a reference to its mouth being "wijd" in Afrikaans (Dutch). What does wijd mean?Wide
43%
Which golfer has won the most "majors"?Jack Nicklaus
43%
What is the name of Amsterdam's airport?Schiphol
29%
In the Lord of the Rings, who is Aragorn's father?Arathorn
29%
What type of ship is HMS Queen Elizabeth?Aircraft carrier
29%
The Queen Mary resides in Long Beach, CA. Where did her sister ship finally come to rest?Hong Kong
14%
Where is Mann's Chinese Theater located in Los Angeles?Hollywood Blvd
0%
In what century did Alexander the Great live?3rd century B.C.
0%

Score Distribution

Percentile by Number Answered

Percent of People with Each Score

Your Score History

You have not taken this quiz